000 00534nmm a2200169Ia 4500
008 251105s9999||||xx |||||||||||||||||und||
020 _a9788477371809
041 _aspa
100 _aBustos, Manuel
245 0 _aÉpoca Moderna :
_b De la monarquía hispánica a la crisis del antiguo régimen
264 _a[Madrid, España] :
_bSílex Ediciones,
_c2007
300 _a358 páginas
490 _aHistoria de España
650 _aHistory of Europe: Spain
856 _uhttps://public.digitaliapublishing.com/a/1218
942 _cCF
999 _c85343
_d85343